| 000 | 00791cab a2200253 4500 | ||
|---|---|---|---|
| 001 | WB3003-33 | ||
| 008 | 090401t1994 xxu||||| |||| 00| 0 eng d | ||
| 035 | _a(Sirsi) u53410 | ||
| 041 | _aeng | ||
| 245 | _aConservation areas | ||
| 260 | _c1994 | ||
| 350 | _a0 | ||
| 490 |
_aEstates Gazette _v(9402) 15 January 1994, 104(1) |
||
| 520 | _aWith reference to "R v Swansea CC, ex parte Elitestone Ltd" (1993) looks at the designation of conservation areas and the appeal procedure. | ||
| 650 | _aBUILDINGS | ||
| 650 | _aCONSERVATION AREAS | ||
| 650 | _aDEFINITION | ||
| 650 | _aDESIGNATION | ||
| 650 | _aR V CANTERBURY CITY COUNCIL EX P HALFORD | ||
| 650 | _aTOWN AND COUNTRY PLANNING ACT 1990 S336 | ||
| 690 | _aPLANNING LAW AND PRACTICE | ||
| 942 | _n0 | ||
| 948 | _c04/03/1997 | ||
| 999 |
_c32926 _d32926 |
||